|
|
|
|
| LEADER |
01938nam a2200265 a 4500 |
| 001 |
GR-MES626 |
| 008 |
991111s gr 000 0 gre d |
| 020 |
|
|
|a 9607177029
|
| 040 |
|
|
|a GrPaTEI
|b gre
|c GR-PaULI
|
| 245 |
0 |
0 |
|a Ανθοκομία :
|b Ετήσια φυτά καλοκαιριού για την αρχιτεκτονική και αρχιτεκτονική του τοπίου
|n 2ος .
|p Ετήσια φυτά καλοκαιριού για την αρχιτεκτονική και αρχιτεκτονική του τοπίου.
|
| 260 |
|
|
|a (χ.τ.) :
|b (χ.ε.),
|c 1991
|
| 300 |
|
|
|a 116σελ.,εικ.
|
| 504 |
|
|
|a Βιβλιογραφία:σελ(113-116)
|
| 650 |
|
4 |
|a Ανθοκομία
|
| 650 |
|
4 |
|a Αρχιτεκτονική
|
| 650 |
|
4 |
|a Ετήσια Φυτά
|
| 650 |
|
4 |
|a Φυτά Καλοκαιριού
|
| 700 |
1 |
|
|a Κανταρτζής, Νικόλαος Α.
|
| 942 |
|
|
|2 ddc
|
| 971 |
|
|
|a .b25716670
|b 15-04-20
|c 13-09-16
|
| 999 |
|
|
|c 151958
|d 151958
|
| 952 |
|
|
|0 0
|1 0
|2 ddc
|4 0
|6 635_900000000000000_ΚΑΝ
|7 0
|9 263931
|a MSLG
|b MSLG
|c BSC
|d 2021-01-17
|e 24
|f 0
|g 0.00
|l 0
|o 635.9 ΚΑΝ
|p 2420000006445
|r 2021-01-17
|t 1
|v 2021.00
|w 2021-01-17
|y BK15
|x Μεταφορά από Αμαλιάδα (18/10/22)
|x GrPaTEI
|
| 952 |
|
|
|0 0
|1 0
|2 ddc
|4 0
|6 635_900000000000000_ΚΑΝ
|7 0
|9 263932
|a MSLG
|b MSLG
|c BSC
|d 2021-01-17
|e 24
|f 0
|g 0.00
|l 0
|o 635.9 ΚΑΝ
|p 2420000014032
|r 2021-01-17
|t 1
|v 2021.00
|w 2021-01-17
|y BK15
|x Μεταφορά από Αμαλιάδα (18/10/22)
|x GrPaTEI
|
| 952 |
|
|
|0 0
|1 0
|2 ddc
|4 0
|6 635_900000000000000_ΚΑΝ
|7 0
|9 263933
|a MSLG
|b MSLG
|c BSC
|d 2021-01-17
|e 24
|f 0
|g 0.00
|l 0
|o 635.9 ΚΑΝ
|p 2420000014403
|r 2021-01-17
|t 1
|v 2021.00
|w 2021-01-17
|y BK15
|x Μεταφορά από Αμαλιάδα (18/10/22)
|x GrPaTEI
|
| 952 |
|
|
|0 0
|1 0
|2 ddc
|4 0
|6 635_900000000000000_ΚΑΝ
|7 0
|9 263934
|a MSLG
|b MSLG
|c BSC
|d 2021-01-17
|e 24
|f 0
|g 0.00
|l 0
|o 635.9 ΚΑΝ
|p 2420000018027
|r 2021-01-17
|t 1
|v 2021.00
|w 2021-01-17
|y BK15
|x Μεταφορά από Αμαλιάδα (18/10/22)
|x GrPaTEI
|